000 00657cam a22002173a 4500
001 39274
003 PGUSA
005 20140828083855.0
008 120326s2012||||xxu|||||s|||||000 | eng d
040 _aPGUSA
_beng
042 _adc
100 1 _aMorgan, Louisa
245 1 0 _aBaron Bruno :
_bOr, the Unbelieving Philosopher, and Other Fairy Stories
_h[electronic resource] /
_cLouisa Morgan
260 _bProject Gutenberg,
_c2012
506 _aPublic domain in the USA.
516 _aElectronic text
700 1 _aCaldecott, Randolph,
_d1846-1886
830 0 _aProject Gutenberg
_v39274
856 4 0 _uhttp://www.gutenberg.org/ebooks/39274
942 _cEB
999 _c268527
_d268527